000 00400nam a22001217a 4500
003 SGT
082 _a891.4309
_bM21A
100 _aअग्रवाल, गोविन्द राम
245 _aमिशन यात्रा : स्मृतियों के झरोखे से
260 _bमहामना मालवीय मिशन
_c2021
300 _a98
942 _2ddc
_cBK
999 _c30155
_d30155